Heroes of Olympus Quiz - Statistics

General Stats
  • This quiz has been taken 64 times
  • The average score is 11 of 18
Answer Stats
Hint Answer % Correct
Piper's dad's profession Actor
93%
Leo's Dragon Festus
93%
Roman Camp Camp Jupiter
77%
Piper's superpower Charmspeak
77%
Seven half bloods shall ________ ____ ________ answer the call
72%
Prophecy of the Seven
72%
Frank is Chinese and __________ Canadian
67%
Sammy is Leo's ________ Grandfather
67%
Tartarus Goddess of Night Nyx
67%
Hazel's horse Arion
63%
Reyna is daughter of Bellona
63%
Who is Bob Titan
53%
Snow goddess Khione
49%
What goddess do Leo and Hazel meet in Salt Lake City? Nemesis
49%
_________'s Sphere Archimede
44%
Roman border and security god Terminus
37%
What city do Hazel, Percy, and Frank meet the Amazons Seattle
35%
What do Annabeth and Percy drink in Tartarus River Phlegethon
2%
No matching quizzes found
Score Distribution
Percent of People with Each Score
Percentile by Number Answered
Your Score History
You have not taken this quiz